00518nam a2200169 u 4500003000400000005001700004008004100021020001800062040001400080100002500094245012100119260002900240300001800269490002000287650003000307650001100337OSt20240610140637.0210408s2013 xx r 000 0 eng d a9788441543607 cCDMRbcat aMartínez, Fátima13aEl libro de TikTok b: la guía imprescindible para emprendedores, profesionales y empresas c/ Fátima Martínez aMadrid : bAnaya, c2021 a295 pàgines aSocial Business 0aXarxes socials en línia 0aTikTok